| 000 | 00371nam a2200133Ia 4500 | ||
|---|---|---|---|
| 008 | 170221s9999 xx 000 0 und d | ||
| 100 | _aAbhishek Gupta | ||
| 245 | _aIMPACT OF TRADE UNIONISM ON INDIAN SOCIETY | ||
| 245 | _cAbhishek Gupta | ||
| 260 | _c2012 | ||
| 300 | _a6 : | ||
| 650 | _xBusiness | ||
| 856 | _uhttp://escijournals.net/index.php/JBF/article/view/75/137 | ||
| 999 |
_c313370 _d313370 |
||